| 000 | 00584nam a2200193 i 4500 | ||
|---|---|---|---|
| 001 | 34769 | ||
| 003 | ES-MaACL | ||
| 005 | 20230906155009.0 | ||
| 007 | t| | ||
| 008 | 030211s1910 sz |||| | fre d | ||
| 100 | 1 |
_aBonjour, P. E. _930207 |
|
| 245 | 1 | 0 |
_aManuel d'arithmetique commerciale áa l'usage des apprentis de commerce / _cpar P. E. Bonjour et Leon Morf. |
| 250 | _a3ème ed. | ||
| 260 |
_aZurich : _bSchulthess und Co, _c1910. |
||
| 300 |
_aVIII, 224 p. ; _c21 cm. |
||
| 650 | 0 | 4 |
_aCálculo mercantil. _910674 |
| 700 | 1 |
_aMorf, Leon. _983504 |
|
| 852 |
_aES-MaACL _jF-1151 |
||
| 999 |
_c34769 _d34769 |
||